Brazilian Birds Quiz - Statistics

General Stats
  • This quiz has been taken 9 times
  • The average score is 20 of 24
Answer Stats
Picture Answer % Correct
American Flamingo
100%
Anhinga
100%
Blue-and-Yellow Macaw
100%
Burrowing Owl
100%
Greater Rhea
100%
Harpy Eagle
100%
Hoatzin
100%
Hyacinth Macaw
100%
Pied-Billed Grebe
100%
Roseate Spoonbill
100%
Scarlet Ibis
100%
Scarlet Macaw
100%
Toco Toucan
100%
Amazon Kingfisher
75%
Chiloe Wigeon
75%
Cock of the Rock
75%
Red-Legged Seriema
75%
Resplendent Quetzal
75%
Sun Conure
75%
Bare-Faced Curassow
50%
Black Skimmer
50%
Giant Wood-Rail
50%
Southern Screamer
50%
Yellow-Headed Amazon Parrot
50%
No matching quizzes found
Score Distribution
Percent of People with Each Score
Percentile by Number Answered
Your Score History
You have not taken this quiz